Linguistic Norms the reception of advertisements / (Record no. 102274)
[ view plain ]
| 000 -LEADER | |
|---|---|
| fixed length control field | 00547nam a22001697a 4500 |
| 005 - DATE AND TIME OF LATEST TRANSACTION | |
| control field | 20160812151719.0 |
| 010 ## - LCCN (DPL NO) | |
| LC control number | ENG-115747 |
| 020 ## - INTERNATIONAL STANDARD BOOK NUMBER | |
| International Standard Book Number | 9789381346457 |
| Terms of availability | 300.00 |
| 037 ## - SOURCE OF ACQUISITION | |
| Source of stock number/acquisition | DBAD/PUB |
| 082 ## - DEWEY DECIMAL CLASSIFICATION NUMBER | |
| Classification number | 401 |
| 100 ## - MAIN ENTRY--PERSONAL NAME | |
| Personal name | Ganguly, Shubhasree |
| 245 ## - TITLE STATEMENT | |
| Title | Linguistic Norms the reception of advertisements / |
| Statement of responsibility, etc | by Shubhasree Ganguly ; foreword by Dasgupta, Prabal |
| 260 ## - PUBLICATION, DISTRIBUTION, ETC. (IMPRINT) | |
| Place of publication, distribution, etc | Kolkata |
| Name of publisher, distributor, etc | Gangchil |
| Date of publication, distribution, etc | 2012 |
| 270 ## - ADDRESS | |
| Address | Matir Bari,Onkar Park,Ghola Bazar |
| City | Kolkata |
| Postal code | 700111 |
| 300 ## - PHYSICAL DESCRIPTION | |
| Extent | 86p. |
| Dimensions | 21cm(Hb) |
| 942 ## - ADDED ENTRY ELEMENTS (KOHA) | |
| Source of classification or shelving scheme | Dewey Decimal Classification |
| Item type | English Books |
| Classification part | 401 |
| Call number suffix | GAN |
| Withdrawn status | Lost status | Not for loan | Collection code | Home library | Current library | Date acquired | Source of acquisition | Cost, normal purchase price | Full call number | Barcode | Copy number | Cost, replacement price | Koha item type |
|---|---|---|---|---|---|---|---|---|---|---|---|---|---|
| Non-fiction | Shahdara Branch | Shahdara Branch | 02/09/2016 | DBAD/PUB | 300.00 | 401 GAN | EN-99279 | 1 | 300.00 | English Books |
